[Event "24. Torneo San Viator"]
[Site "Madrid ESP"]
[Date "2015.05.10"]
[Round "6.17"]
[White "Sirera Ripoll, Jose"]
[Black "Salgado Duarte, Pablo"]
[Result "1-0"]
[WhiteElo "1765"]
[BlackElo "1591"]
[PlyCount "43"]
[EventDate "2015.03.22"]
[EventType "swiss"]
[EventRounds "9"]
[EventCountry "ESP"]
[Source "lmi"]
[SourceDate "2015.03.22"]

1. e4 e5 2. Nf3 Nc6 3. Bc4 Be7 4. d4 exd4 5. Nxd4 Ne5 6. Bb3 Nf6 7. f4 Ng6 8.
e5 Ne4 9. Qf3 Nc5 10. Nc3 Nxb3 11. axb3 O-O 12. O-O c6 13. Be3 b6 14. Ne4 Bb7
15. Nf5 Nh4 16. Nxh4 Bxh4 17. Nd6 Qc7 18. Qg4 Be7 19. Nf5 g6 20. Nxe7+ Kh8 21.
Qg5 Rfe8 22. Qf6# 1-0

[Event "24. Torneo San Viator"]
[Site "Madrid ESP"]
[Date "2015.05.10"]
[Round "6.18"]
[White "Garcia Rojas, Juan Carlos"]
[Black "Martin Lozano, Miguel Angel"]
[Result "0-1"]
[WhiteElo "1528"]
[BlackElo "1758"]
[PlyCount "111"]
[EventDate "2015.03.22"]
[EventType "swiss"]
[EventRounds "9"]
[EventCountry "ESP"]
[Source "lmi"]
[SourceDate "2015.03.22"]

1. e4 e6 2. d4 d5 3. exd5 exd5 4. Nf3 Bd6 5. Bd3 Ne7 6. O-O Bf5 7. Re1 Bxd3 8.
Qxd3 O-O 9. Bg5 f6 10. Be3 Qd7 11. c3 Nbc6 12. Nbd2 Nf5 13. Nf1 Na5 14. b3 b6
15. Qd2 Nxe3 16. Nxe3 Rfe8 17. g3 c6 18. Qd3 g6 19. b4 Nb7 20. a3 b5 21. Kg2 a5
22. h3 Nd8 23. Nh4 Nf7 24. Ng4 Kg7 25. Qf3 f5 26. Ne3 Ng5 27. Nhxf5+ Kh8 28.
Qg4 Ne4 29. Nxd6 Qxd6 30. h4 h5 31. Qf4 Qxf4 32. gxf4 Nxc3 33. Rac1 axb4 34.
axb4 Ra3 35. Nc2 Rxe1 36. Rxe1 Ra2 37. Re8+ Kg7 38. Ne3 Ne4 39. Nd1 Rd2 40.
Rxe4 dxe4 41. Ne3 Rxd4 42. f5 Rxb4 43. Kg3 Rb3 44. Kf4 Rxe3 45. fxe3 gxf5 46.
Kxf5 c5 47. Kxe4 Kf6 48. Kd3 Ke5 49. e4 c4+ 50. Ke3 b4 51. Kd2 Kxe4 52. Kc2 Kf4
53. Kd2 Kg4 54. Kc2 Kxh4 55. Kd2 Kg3 56. Ke3 0-1

[Event "24. Torneo San Viator"]
[Site "Madrid ESP"]
[Date "2015.05.10"]
[Round "6.20"]
[White "Martinez Barahona, Ismael"]
[Black "Aranda Perez, Ivan"]
[Result "1-0"]
[WhiteElo "1818"]
[BlackElo "1413"]
[PlyCount "85"]
[EventDate "2015.03.22"]
[EventType "swiss"]
[EventRounds "9"]
[EventCountry "ESP"]
[Source "lmi"]
[SourceDate "2015.03.22"]

1. d4 d5 2. Nf3 Nf6 3. Bf4 Bg4 4. Ne5 c5 5. Nxg4 Nxg4 6. e3 Nf6 7. c3 e6 8. Nd2
c4 9. Be2 Bd6 10. Bxd6 Qxd6 11. O-O O-O 12. Qc2 Nbd7 13. f4 h6 14. Bf3 b5 15.
g3 Qe7 16. e4 dxe4 17. Nxe4 Nxe4 18. Bxe4 Rad8 19. Rfe1 Qd6 20. f5 exf5 21.
Bxf5 Nf6 22. Re5 a6 23. Rae1 Rfe8 24. Rxe8+ Rxe8 25. Rxe8+ Nxe8 26. Qe4 Nf6 27.
Qa8+ Qf8 28. Qxf8+ Kxf8 29. Bc8 a5 30. Ba6 b4 31. cxb4 axb4 32. Bxc4 Ne4 33.
Bd3 Nd6 34. Kf2 Ke7 35. a3 bxa3 36. bxa3 Ke6 37. Ke3 g5 38. a4 Kd7 39. a5 Ke6
40. g4 f6 41. a6 Ne8 42. a7 Nc7 43. Be4 1-0

[Event "24. Torneo San Viator"]
[Site "Madrid ESP"]
[Date "2015.05.10"]
[Round "6.23"]
[White "Jimenez Gallego, Rafael"]
[Black "Martin Espeja, Jorge J"]
[Result "0-1"]
[WhiteElo "1544"]
[BlackElo "1830"]
[PlyCount "59"]
[EventDate "2015.03.22"]
[EventType "swiss"]
[EventRounds "9"]
[EventCountry "ESP"]
[Source "lmi"]
[SourceDate "2015.03.22"]

1. e4 c5 2. Nf3 e6 3. Bc4 a6 4. Nc3 b5 5. Be2 Bb7 6. d3 Nc6 7. Bd2 Nf6 8. O-O
h6 9. h3 Bd6 10. Be3 Rc8 11. Qd2 Ne5 12. Bf4 Qc7 13. Bxe5 Bxe5 14. Nxe5 Qxe5
15. Bf3 O-O 16. Rab1 Rfd8 17. Rfe1 b4 18. Ne2 d5 19. exd5 Bxd5 20. Ng3 Qd6 21.
Bxd5 Qxd5 22. b3 a5 23. a4 Qd4 24. Ne4 Nxe4 25. Rxe4 Qxe4 26. Rd1 Qd4 27. Qe1
c4 28. bxc4 Rxc4 29. Rc1 Rc3 30. Qxc3 0-1

[Event "24. Torneo San Viator"]
[Site "Madrid ESP"]
[Date "2015.05.10"]
[Round "6.25"]
[White "Garces Adan, Jose A"]
[Black "Caravantes Camacho, Fernando"]
[Result "1-0"]
[WhiteElo "1776"]
[BlackElo "1502"]
[PlyCount "59"]
[EventDate "2015.03.22"]
[EventType "swiss"]
[EventRounds "9"]
[EventCountry "ESP"]
[Source "lmi"]
[SourceDate "2015.03.22"]

1. e4 e6 2. d4 d5 3. exd5 exd5 4. c4 Nf6 5. Nc3 Bb4 6. Bd3 O-O 7. Nge2 c6 8.
O-O Be6 9. a3 Ba5 10. b4 Bc7 11. c5 a6 12. f4 Bg4 13. Qe1 Re8 14. Qh4 Nbd7 15.
Ng3 Nf8 16. f5 Bxg3 17. hxg3 b5 18. Bg5 a5 19. Bxf6 Qxf6 20. Qxg4 axb4 21. axb4
Rxa1 22. Rxa1 Re3 23. Rd1 Qe7 24. Ne2 Nd7 25. Kf2 Nf6 26. Qf4 h5 27. Qb8+ Kh7
28. Nf4 Ng4+ 29. Kf1 Rxg3 30. f6+ 1-0

[Event "24. Torneo San Viator"]
[Site "Madrid ESP"]
[Date "2015.05.10"]
[Round "6.26"]
[White "Munoz Cebey, Ricardo"]
[Black "Hidalgo Prado, David"]
[Result "0-1"]
[WhiteElo "1723"]
[BlackElo "1499"]
[PlyCount "134"]
[EventDate "2015.03.22"]
[EventType "swiss"]
[EventRounds "9"]
[EventCountry "ESP"]
[Source "lmi"]
[SourceDate "2015.03.22"]

1. c4 e5 2. Nc3 Nf6 3. g3 d5 4. cxd5 Nxd5 5. Bg2 Nb6 6. Nf3 Nc6 7. O-O Be7 8.
a3 a5 9. d3 Be6 10. Be3 Nd5 11. Nxd5 Bxd5 12. Qa4 O-O 13. Rac1 f6 14. Nd2 Bxg2
15. Kxg2 Qd5+ 16. Qe4 Rfd8 17. Rc4 f5 18. Qxd5+ Rxd5 19. Rfc1 Kf7 20. Bc5 Bg5
21. Be3 Be7 22. h4 h6 23. h5 Ke6 24. Nb3 Rb5 25. R1c3 a4 26. Nc5+ Bxc5 27. Bxc5
Rxb2 28. Kf3 Rb3 29. Rxb3 axb3 30. Rc1 Kd5 31. e4+ fxe4+ 32. dxe4+ Ke6 33. Rb1
b6 34. Bb4 Nxb4 35. axb4 Ra3 36. Ke2 Ra2+ 37. Ke3 Ra3 38. Kd3 b2+ 39. Kc4 c6
40. Rxb2 b5+ 41. Kc5 Rc3+ 42. Kb6 Kf6 43. Rd2 Rc4 44. Rd6+ Ke7 45. Rxc6 Rxb4
46. Rc5 Rxe4 47. Kxb5 Re2 48. f4 Ke6 49. Rc6+ Kf5 50. fxe5 Rxe5+ 51. Kc4 Kg4
52. Rg6+ Rg5 53. Kd4 Rxg6 54. hxg6 Kxg3 55. Kd5 h5 56. Ke6 h4 57. Kf7 h3 58.
Kxg7 h2 59. Kf8 h1=Q 60. g7 Qh6 61. Kf7 Qh7 62. Kf8 Qf5+ 63. Ke8 Qg6+ 64. Kf8
Qf6+ 65. Kg8 Kg4 66. Kh7 Qf7 67. Kh8 Qh5+ 0-1

[Event "24. Torneo San Viator"]
[Site "Madrid ESP"]
[Date "2015.05.10"]
[Round "6.28"]
[White "Martin Rodriguez, Jose Luis"]
[Black "Vega De Alba, Miguel"]
[Result "0-1"]
[WhiteElo "1467"]
[BlackElo "1670"]
[PlyCount "98"]
[EventDate "2015.03.22"]
[EventType "swiss"]
[EventRounds "9"]
[EventCountry "ESP"]
[Source "lmi"]
[SourceDate "2015.03.22"]

1. e4 c6 2. d4 d5 3. e5 Bf5 4. Nc3 e6 5. g4 Bg6 6. Nge2 h5 7. Nf4 Bh7 8. Nxh5
c5 9. Bb5+ Nc6 10. Be3 cxd4 11. Bxc6+ bxc6 12. Qxd4 Bxc2 13. Rc1 c5 14. Qd2 Bh7
15. Bf4 Qa5 16. Qd1 Rb8 17. Qa4+ Qxa4 18. Nxa4 g6 19. Nf6+ Nxf6 20. exf6 Rb4
21. Nxc5 Rxf4 22. g5 Bg8 23. Nd3 Rc4 24. Ke2 Rhh4 25. f4 Bd6 26. Rxc4 dxc4 27.
Ne5 Rxf4 28. Nc6 Kd7 29. Nxa7 Rf5 30. Rd1 Rxg5 31. Nc8 Kxc8 32. Rxd6 Rg2+ 33.
Kf3 Rxh2 34. Rc6+ Kb7 35. Rxc4 Rxb2 36. a4 Rb6 37. Rd4 Kc7 38. Rc4+ Rc6 39. Rh4
Kb7 40. Rb4+ Ka7 41. Kg4 Rc8 42. Kg5 Re8 43. Kh6 e5 44. Re4 Kb6 45. Kg7 Kc5 46.
Rxe5+ Rxe5 47. Kxg8 g5 48. Kxf7 Re1 49. Kg6 g4 0-1

[Event "24. Torneo San Viator"]
[Site "Madrid ESP"]
[Date "2015.05.10"]
[Round "6.29"]
[White "Vicente Minarro, Pedro"]
[Black "Villaverde Casaluenga, Jose"]
[Result "1/2-1/2"]
[WhiteElo "1408"]
[BlackElo "1663"]
[PlyCount "57"]
[EventDate "2015.03.22"]
[EventType "swiss"]
[EventRounds "9"]
[EventCountry "ESP"]
[Source "lmi"]
[SourceDate "2015.03.22"]

1. d4 Nf6 2. Nf3 g6 3. Bf4 Bg7 4. e3 O-O 5. Be2 d6 6. O-O c5 7. c3 Qb6 8. Qb3
Qxb3 9. axb3 Nc6 10. Nbd2 Nh5 11. Bg5 h6 12. Bh4 g5 13. Bg3 Nxg3 14. hxg3 cxd4
15. Nxd4 Nxd4 16. exd4 a6 17. Bf3 g4 18. Bd5 e6 19. Bc4 Bd7 20. Ra5 b5 21. Be2
f5 22. Rfa1 d5 23. Rxa6 Rxa6 24. Rxa6 Rb8 25. b4 Bf6 26. Nb3 Bg5 27. Nc5 Bc8
28. Ra5 Bc1 29. Bxb5 1/2-1/2

[Event "24. Torneo San Viator"]
[Site "Madrid ESP"]
[Date "2015.05.10"]
[Round "6.34"]
[White "Rodriguez Varela, Alvaro"]
[Black "Centeno Mateos, Domingo"]
[Result "1/2-1/2"]
[WhiteElo "1745"]
[BlackElo "1483"]
[PlyCount "162"]
[EventDate "2015.03.22"]
[EventType "swiss"]
[EventRounds "9"]
[EventCountry "ESP"]
[Source "lmi"]
[SourceDate "2015.03.22"]

1. e4 c5 2. Nf3 d6 3. Bb5+ Bd7 4. Bxd7+ Qxd7 5. d4 cxd4 6. Nxd4 Nf6 7. Nc3 e5
8. Nf5 Nc6 9. Bg5 Nxe4 10. Nxg7+ Bxg7 11. Nxe4 d5 12. Nc3 f6 13. Bh4 O-O-O 14.
Qd2 d4 15. Ne2 Rhe8 16. O-O-O Qg4 17. Bg3 h5 18. f3 Qg6 19. Kb1 Bh6 20. Qd3 e4
21. fxe4 Qxe4 22. Qxe4 Rxe4 23. Rhe1 Rde8 24. Nc1 Rxe1 25. Rxe1 Rxe1 26. Bxe1
Kd7 27. Nd3 Kd6 28. Bg3+ Ne5 29. Bf4 Bg5 30. h4 Bxh4 31. Kc1 Bg5 32. Kd1 Kd5
33. Nxe5 Bxf4 34. Nf3 Ke4 35. Ke2 Bg3 36. Nd2+ Kd5 37. Kf3 Be5 38. b3 b5 39.
Ne4 b4 40. Nf2 f5 41. Nd3 a5 42. Ne1 h4 43. Nd3 Bg3 44. Nc1 Bd6 45. Nd3 Kc6 46.
Nf4 Be7 47. Ng6 Bg5 48. Ne5+ Kc5 49. Nc4 a4 50. Ne5 axb3 51. axb3 Kd5 52. Nd3
Bd2 53. Ke2 Bc3 54. Nf4+ Ke5 55. Ng6+ Kf6 56. Nxh4 Kg5 57. Nf3+ Kf4 58. Kf2 Ke4
59. Ng5+ Kf4 60. Ne6+ Ke4 61. Nc5+ Kf4 62. Nd3+ Ke4 63. g3 Bd2 64. Ke2 Bc3 65.
Nc5+ Kd5 66. Nd7 Ke4 67. Nf6+ Ke5 68. Nh5 Ke4 69. Ng7 f4 70. gxf4 Kxf4 71. Kd3
Ke5 72. Kc4 Ke4 73. Ne6 Ke5 74. Nc7 Ke4 75. Nb5 Ke3 76. Nxd4 Bxd4 77. Kxb4 Kd2
78. c4 Kc2 79. Ka4 Kc3 80. Ka3 Bc5+ 81. Ka4 Bb4 1/2-1/2

[Event "24. Torneo San Viator"]
[Site "Madrid ESP"]
[Date "2015.05.10"]
[Round "6.35"]
[White "Rodriguez Alonso, Marcos"]
[Black "Benitez Robles, Antonio"]
[Result "1-0"]
[WhiteElo "1738"]
[BlackElo "1453"]
[PlyCount "45"]
[EventDate "2015.03.22"]
[EventType "swiss"]
[EventRounds "9"]
[EventCountry "ESP"]
[Source "lmi"]
[SourceDate "2015.03.22"]

1. e4 Nf6 2. Nc3 e6 3. d4 d5 4. exd5 exd5 5. Bg5 Be7 6. Nf3 O-O 7. Be2 Nc6 8.
O-O Ne4 9. Bxe7 Nxe7 10. Bd3 Nxc3 11. bxc3 Bg4 12. Bxh7+ Kh8 13. Bd3 c6 14. Re1
Re8 15. Re3 Qa5 16. Qd2 Nf5 17. Bxf5 Bxf5 18. Ne5 Kg8 19. Rf3 Be6 20. Rg3 Re7
21. Qg5 Kf8 22. Qxg7+ Ke8 23. Qg8# 1-0

[Event "24. Torneo San Viator"]
[Site "Madrid ESP"]
[Date "2015.05.10"]
[Round "6.36"]
[White "Moreno Sanchez, Guillermo"]
[Black "Torrecillas Adan, Luis"]
[Result "1-0"]
[WhiteElo "1626"]
[BlackElo "1245"]
[PlyCount "95"]
[EventDate "2015.03.22"]
[EventType "swiss"]
[EventRounds "9"]
[EventCountry "ESP"]
[Source "lmi"]
[SourceDate "2015.03.22"]

1. d4 d5 2. Nf3 Bf5 3. Bf4 Nf6 4. e3 Ne4 5. Bd3 e6 6. c3 Be7 7. Qc2 O-O 8. Nbd2
Nxd2 9. Qxd2 Bxd3 10. Qxd3 Nd7 11. O-O f5 12. Rac1 c6 13. c4 Rc8 14. a3 h6 15.
h3 g5 16. Bh2 Bf6 17. Rc2 Rf7 18. Rfc1 Bg7 19. cxd5 exd5 20. b4 a6 21. a4 Nb6
22. b5 axb5 23. axb5 Nc4 24. bxc6 bxc6 25. Nd2 Na5 26. Ra2 Bf8 27. Qe2 Ra8 28.
Be5 Bd6 29. Nf3 Rb7 30. Rca1 Rb5 31. Bxd6 Qxd6 32. Ne5 Qc7 33. Qc2 Rf8 34. Qc3
Nc4 35. Nxc4 Rfb8 36. Nd2 Qb7 37. Kh2 Qc7+ 38. g3 f4 39. exf4 gxf4 40. Qf3
fxg3+ 41. fxg3 Rb2 42. Rxb2 Rxb2 43. Ra8+ Kh7 44. Qf5+ Kg7 45. Qf8+ Kg6 46.
Qg8+ Qg7 47. Qe6+ Kh7 48. Qf5+ 1-0

[Event "24. Torneo San Viator"]
[Site "Madrid ESP"]
[Date "2015.05.10"]
[Round "6.37"]
[White "Castro Uceda, Jose Antonio"]
[Black "Insua Rodriguez, Antonio"]
[Result "1-0"]
[WhiteElo "1604"]
[BlackElo "1415"]
[PlyCount "45"]
[EventDate "2015.03.22"]
[EventType "swiss"]
[EventRounds "9"]
[EventCountry "ESP"]
[Source "lmi"]
[SourceDate "2015.03.22"]

1. d4 d5 2. c4 c6 3. e3 Nf6 4. Nc3 Bf5 5. Nf3 e6 6. Bd3 Bxd3 7. Qxd3 Nbd7 8. c5
Qc7 9. O-O Be7 10. b4 b5 11. a4 a5 12. axb5 O-O 13. b6 Qb8 14. bxa5 Nxb6 15.
cxb6 Bb4 16. Ba3 Bxc3 17. Qxc3 Rc8 18. Rfb1 Ra6 19. Ne5 Ne4 20. Qe1 Nd6 21. Nd7
Qb7 22. Nc5 Qe7 23. Nxa6 1-0

[Event "24. Torneo San Viator"]
[Site "Madrid ESP"]
[Date "2015.05.10"]
[Round "6.38"]
[White "Bermejo Jimenez, Adolfo"]
[Black "Mosteiro Montoro, Alvaro"]
[Result "1-0"]
[WhiteElo "1419"]
[BlackElo "1591"]
[PlyCount "25"]
[EventDate "2015.03.22"]
[EventType "swiss"]
[EventRounds "9"]
[EventCountry "ESP"]
[Source "lmi"]
[SourceDate "2015.03.22"]

1. e4 c5 2. Bc4 Nc6 3. Nf3 e6 4. Nc3 a6 5. a3 b5 6. Ba2 d6 7. d4 cxd4 8. Nxd4
Nxd4 9. Qxd4 Be7 10. Qxg7 Bf6 11. Qg3 Ne7 12. Qf3 Bb7 13. Qxf6 1-0

[Event "24. Torneo San Viator"]
[Site "Madrid ESP"]
[Date "2015.05.10"]
[Round "6.39"]
[White "Fernandez Santos, Nicolas"]
[Black "Vega De Las Heras, Carlos"]
[Result "1-0"]
[WhiteElo "1343"]
[BlackElo "1566"]
[PlyCount "50"]
[EventDate "2015.03.22"]
[EventType "swiss"]
[EventRounds "9"]
[EventCountry "ESP"]
[Source "lmi"]
[SourceDate "2015.03.22"]

1. e4 c6 2. d4 d5 3. Nc3 dxe4 4. Nxe4 Bf5 5. Ng3 Bg6 6. h4 h6 7. h5 Bh7 8. Nf3
Nd7 9. Bd3 Bxd3 10. Qxd3 e6 11. Bd2 Ngf6 12. Ne4 Nxe4 13. Qxe4 Qb6 14. Rb1 Be7
15. c3 O-O-O 16. Bf4 Nf6 17. Qe2 Nd5 18. Qd2 Nxf4 19. Qxf4 Rhf8 20. Qe4 Bf6 21.
Kd1 Rd5 22. Kc2 Rfd8 23. Rhd1 Ra5 24. a3 Rdd5 25. g4 Rdb5 1-0

[Event "24. Torneo San Viator"]
[Site "Madrid ESP"]
[Date "2015.05.10"]
[Round "6.40"]
[White "Olias Ruiz, Enrique"]
[Black "Andres Rodriguez, Florencio"]
[Result "0-1"]
[WhiteElo "1207"]
[BlackElo "1542"]
[PlyCount "86"]
[EventDate "2015.03.22"]
[EventType "swiss"]
[EventRounds "9"]
[EventCountry "ESP"]
[Source "lmi"]
[SourceDate "2015.03.22"]

1. e4 c5 2. Bc4 e6 3. Nc3 Nc6 4. Nf3 d6 5. d3 a6 6. a3 b5 7. Ba2 g6 8. Be3 Bg7
9. Qd2 Nge7 10. Bg5 O-O 11. h3 Re8 12. O-O-O Qc7 13. Kb1 Rb8 14. Rde1 b4 15.
axb4 cxb4 16. Na4 Bd7 17. Bb3 Na5 18. Nd4 Bxd4 19. Ka2 Nxb3 20. cxb3 Bxa4 21.
Rc1 Bc6 22. Rc4 Qa5+ 23. Kb1 Bxb2 24. Qxb2 Qxg5 25. f3 Bb5 26. Rd4 d5 27. Rc1
Rec8 28. Rd1 Qf6 29. Rxb4 Qxb2+ 30. Kxb2 Rc7 31. Ka3 Nc6 32. Rc1 Rbc8 33. exd5
Nxb4 34. Rxc7 Rxc7 35. Kxb4 Bxd3 36. d6 Rd7 37. Kc5 Kf8 38. g3 Ke8 39. f4 Kd8
40. b4 Rb7 41. Kd4 Bf1 42. Kc5 Kd7 43. h4 Rb5+ 0-1

[Event "24. Torneo San Viator"]
[Site "Madrid ESP"]
[Date "2015.05.10"]
[Round "6.45"]
[White "Cuerda Montagud, Tomas"]
[Black "Perez Puebla, David"]
[Result "0-1"]
[WhiteElo "1321"]
[BlackElo "1479"]
[PlyCount "80"]
[EventDate "2015.03.22"]
[EventType "swiss"]
[EventRounds "9"]
[EventCountry "ESP"]
[Source "lmi"]
[SourceDate "2015.03.22"]

1. e4 e6 2. d4 d5 3. e5 c5 4. c3 Nc6 5. Nf3 Qb6 6. a3 cxd4 7. cxd4 Nge7 8. b4
Nf5 9. Bb2 Bd7 10. g4 Nh6 11. h3 Be7 12. Nc3 O-O 13. Na4 Qd8 14. Bd3 f6 15. Qc2
g6 16. Bxg6 hxg6 17. Qxg6+ Kh8 18. Qxh6+ Kg8 19. Rg1 fxe5 20. Nxe5 Nxe5 21.
dxe5 Bxa4 22. Qxe6+ Rf7 23. h4 Bxh4 24. Rh1 Bxf2+ 25. Kd2 Bh4 26. Raf1 Qg5+ 27.
Kd3 Bb5+ 28. Kd4 Bxf1 29. Rxf1 Qe7 30. Qg6+ Rg7 31. Qh5 Qg5 32. Kxd5 Qxh5 33.
gxh5 Kh7 34. e6 Rd8+ 35. Ke4 Re7 36. Rf7+ Rxf7 37. exf7 Rf8 38. Kf5 Rxf7+ 39.
Kg4 Bf6 40. Bxf6 Rxf6 0-1

[Event "24. Torneo San Viator"]
[Site "Madrid ESP"]
[Date "2015.05.10"]
[Round "6.49"]
[White "Jimenez Perez, Federico"]
[Black "Vicioso Barbadillo, Juan J"]
[Result "1-0"]
[WhiteElo "1345"]
[BlackElo "1169"]
[PlyCount "55"]
[EventDate "2015.03.22"]
[EventType "swiss"]
[EventRounds "9"]
[EventCountry "ESP"]
[Source "lmi"]
[SourceDate "2015.03.22"]

1. e4 e6 2. d4 d5 3. e5 c5 4. c3 Qb6 5. Nf3 Nc6 6. Bd3 g6 7. dxc5 Bxc5 8. O-O
Nge7 9. b4 Nxb4 10. cxb4 Bxb4 11. Na3 Bd7 12. Rb1 Qa5 13. Rb3 a6 14. Bd2 Bxd2
15. Nxd2 Bc6 16. Qe2 b5 17. Nc2 Qxa2 18. Ra1 Qxa1+ 19. Nxa1 h5 20. Nc2 Kd7 21.
Nd4 Rhc8 22. Qf3 Rf8 23. Qd1 a5 24. Nxc6 Nxc6 25. Bxb5 Kc7 26. Qc1 Rfb8 27.
Qxc6+ Kd8 28. Qd7# 1-0

[Event "24. Torneo San Viator"]
[Site "Madrid ESP"]
[Date "2015.05.17"]
[Round "7.1"]
[White "Lopez De Turiso, Jose Angel"]
[Black "Elissalt Cardenas, Hector"]
[Result "0-1"]
[WhiteElo "2046"]
[BlackElo "2337"]
[PlyCount "62"]
[EventDate "2015.03.22"]
[EventType "swiss"]
[EventRounds "9"]
[EventCountry "ESP"]
[Source "lmi"]
[SourceDate "2015.03.22"]

1. e4 g6 2. g3 Bg7 3. Bg2 c5 4. Ne2 Nc6 5. c3 e5 6. O-O Nge7 7. f4 d6 8. d3 Be6
9. Be3 Qd7 10. d4 exd4 11. cxd4 Bg4 12. Bf3 Bxf3 13. Rxf3 d5 14. e5 c4 15. Nec3
h5 16. Rf1 Nb4 17. Nd2 Nf5 18. Bf2 Nd3 19. Qf3 Rd8 20. b3 b5 21. bxc4 dxc4 22.
d5 O-O 23. Rab1 b4 24. Nxc4 Nxf2 25. Rxb4 Ng4 26. Rfb1 Qc7 27. Na4 a5 28. d6
Nxd6 29. exd6 Rxd6 30. Nxd6 axb4 31. Rd1 Qa7+ 0-1

[Event "24. Torneo San Viator"]
[Site "Madrid ESP"]
[Date "2015.05.17"]
[Round "7.2"]
[White "Lozano Freras, Sergio"]
[Black "Cabanas Bravo, Juan Andres"]
[Result "0-1"]
[WhiteElo "1992"]
[BlackElo "2054"]
[PlyCount "112"]
[EventDate "2015.03.22"]
[EventType "swiss"]
[EventRounds "9"]
[EventCountry "ESP"]
[Source "lmi"]
[SourceDate "2015.03.22"]

1. d4 Nf6 2. c4 g6 3. Nc3 d5 4. cxd5 Nxd5 5. Bd2 Bg7 6. e4 Nb6 7. Be3 Nc6 8.
Bb5 Bd7 9. Nf3 O-O 10. h3 a6 11. Be2 Na5 12. Nd2 Nc8 13. O-O Nd6 14. Rc1 b5 15.
a3 Be6 16. d5 Bd7 17. b4 Nab7 18. Nb3 Bxc3 19. Rxc3 Nxe4 20. Rc1 f5 21. Qc2 Rc8
22. Nd4 Nbd6 23. Bf4 Qe8 24. Qb3 g5 25. Be5 Nd2 26. Qe3 Nxf1 27. Qxg5+ Qg6 28.
Qh4 Ne4 29. Bh5 Qg5 30. Qxg5+ Nxg5 31. Kxf1 Nf7 32. Bf4 Kg7 33. Rc3 Kf6 34. Re3
Rfe8 35. Ne6 c6 36. Nc5 Red8 37. Nb7 cxd5 38. Nxd8 Rxd8 39. Bxf7 Kxf7 40. Bg5
Re8 41. Rc3 Rc8 42. Rxc8 Bxc8 43. Bf4 Kf6 44. Ke2 e5 45. Bc1 f4 46. f3 Be6 47.
Kd3 Kf5 48. Bd2 d4 49. Be1 Bc4+ 50. Kd2 Bf1 51. g4+ fxg3 52. Bxg3 Bxh3 53. Ke2
e4 54. fxe4+ Kxe4 55. Bf2 Bf5 56. Kd2 Kd5 0-1

[Event "24. Torneo San Viator"]
[Site "Madrid ESP"]
[Date "2015.05.17"]
[Round "7.3"]
[White "Cano Mercado, Francisco Manuel"]
[Black "Iturbide Arnedo, Oscar"]
[Result "0-1"]
[WhiteElo "1873"]
[BlackElo "2113"]
[PlyCount "94"]
[EventDate "2015.03.22"]
[EventType "swiss"]
[EventRounds "9"]
[EventCountry "ESP"]
[Source "lmi"]
[SourceDate "2015.03.22"]

1. e4 g6 2. d4 Bg7 3. Nc3 d6 4. Be3 a6 5. Bd3 Nd7 6. Nf3 e6 7. a4 b6 8. Qd2 h6
9. Rd1 Ne7 10. Bc4 Bb7 11. h4 Nf6 12. d5 e5 13. Qe2 Bc8 14. Nh2 Nh5 15. Bd3 Nf4
16. Qf3 Nxd3+ 17. Rxd3 f5 18. g3 O-O 19. Qe2 b5 20. f3 b4 21. Nb1 a5 22. c4
bxc3 23. Nxc3 Ba6 24. Nb5 Qd7 25. Rc3 f4 26. Bf2 fxg3 27. Bxg3 Kh7 28. O-O c6
29. dxc6 Nxc6 30. Kg2 Nd4 31. Qd2 Bxb5 32. axb5 Qxb5 33. Rf2 Rf7 34. Nf1 h5 35.
Qd3 Qxd3 36. Rxd3 Bh6 37. Ne3 Rb7 38. Nc4 Bf8 39. Ra3 a4 40. Ra2 Rb4 41. Ne3
Kg7 42. Nd5 Rb3 43. Nc7 Ra7 44. Nd5 Ra6 45. Nc3 a3 46. Rxa3 Raxa3 47. bxa3 Rxc3
0-1

[Event "24. Torneo San Viator"]
[Site "Madrid ESP"]
[Date "2015.05.17"]
[Round "7.4"]
[White "Cervino Rossel, Cristobal"]
[Black "Navarro Moreno, Juan Carlos"]
[Result "1/2-1/2"]
[WhiteElo "2102"]
[BlackElo "1970"]
[PlyCount "204"]
[EventDate "2015.03.22"]
[EventType "swiss"]
[EventRounds "9"]
[EventCountry "ESP"]
[Source "lmi"]
[SourceDate "2015.03.22"]

1. d4 Nf6 2. Nf3 d5 3. c4 c6 4. Nc3 g6 5. cxd5 cxd5 6. Bg5 Bg7 7. Qb3 e6 8. Qa3
Bf8 9. Qa4+ Bd7 10. Qb3 Bc6 11. Ne5 Nbd7 12. e3 h6 13. Bh4 g5 14. Bg3 Qa5 15.
Nxd7 Nxd7 16. Bd3 Bb4 17. O-O Bxc3 18. bxc3 b5 19. f4 f5 20. fxg5 hxg5 21. a4
bxa4 22. Qa3 Kf7 23. Qd6 Qxc3 24. Rac1 Qxd3 25. Rxc6 Nf8 26. Qe5 Rh7 27. Rxe6
Nxe6 28. Rxf5+ Kg6 29. Rf6+ Kh5 30. Qxe6 Qd1+ 31. Rf1 Qg4 32. Qxd5 Rc8 33. Bf4
Rg7 34. h3 Qd7 35. g4+ Kh6 36. Bxg5+ Kh7 37. Qe4+ Kg8 38. Bf6 Re8 39. Qf4 Rg6
40. e4 a3 41. d5 a2 42. Ba1 Kh7 43. Qf7+ Qxf7 44. Rxf7+ Kg8 45. Rxa7 Rxe4 46.
Rxa2 Rd6 47. Ra5 Re1+ 48. Kf2 Rd1 49. Be5 R6xd5 50. Rxd5 Rxd5 51. Bf4 Rd3 52.
Be3 Rb3 53. h4 Kg7 54. Kf3 Rb4 55. Bc5 Rc4 56. Be3 Rb4 57. h5 Ra4 58. Kg3 Ra3
59. Kf4 Ra4+ 60. Kf3 Ra3 61. Ke4 Ra4+ 62. Kf5 Ra5+ 63. Kf4 Ra4+ 64. Kf3 Ra3 65.
g5 Ra6 66. Bd4+ Kf7 67. Ke4 Re6+ 68. Kf5 Rd6 69. g6+ Kg8 70. Be5 Rd1 71. h6
Rf1+ 72. Bf4 Rh1 73. Bg5 Rh5 74. Kg4 Rh1 75. Bh4 Rg1+ 76. Kf5 Rf1+ 77. Ke6 Rh1
78. Bg5 Re1+ 79. Kf5 Rf1+ 80. Bf4 Rh1 81. Kf6 Rh4 82. Kg5 Rh1 83. Kf5 Rh5+ 84.
Kg4 Rh1 85. Be3 Rh2 86. Bf4 Rh1 87. Be3 Rh2 88. Kg3 Rh1 89. Kf3 Rh3+ 90. Ke4
Rh1 91. Kf5 Rf1+ 92. Bf4 Rh1 93. Kg4 Rg1+ 94. Bg3 Rh1 95. Bh4 Rg1+ 96. Kh5 Rf1
97. Bg3 Rh1+ 98. Bh4 Rf1 99. Be7 Rh1+ 100. Bh4 Rf1 101. Bg5 Rh1+ 102. Kg4 Rg1+
1/2-1/2

[Event "24. Torneo San Viator"]
[Site "Madrid ESP"]
[Date "2015.05.17"]
[Round "7.5"]
[White "Tome Vazquez, Oscar"]
[Black "Aguado Solana, Juan"]
[Result "1-0"]
[WhiteElo "1987"]
[BlackElo "2090"]
[PlyCount "175"]
[EventDate "2015.03.22"]
[EventType "swiss"]
[EventRounds "9"]
[EventCountry "ESP"]
[Source "lmi"]
[SourceDate "2015.03.22"]

1. e4 c5 2. Nf3 Nc6 3. d3 e6 4. g3 Nf6 5. Bg2 d5 6. Nbd2 Be7 7. O-O O-O 8. e5
Nd7 9. Re1 Qc7 10. Qe2 b5 11. Nf1 Rb8 12. Bf4 Bb7 13. h4 d4 14. N1h2 Nb4 15.
Ng4 Nd5 16. Bd2 Rfc8 17. h5 b4 18. h6 g6 19. Ng5 Qd8 20. Ne4 N7b6 21. Nh2 c4
22. Nf3 c3 23. Bc1 cxb2 24. Bxb2 Nc3 25. Nxc3 bxc3 26. Bc1 Na4 27. Nh2 Bxg2 28.
Kxg2 Rb5 29. Qg4 Rcb8 30. Nf3 Qd5 31. Qxd4 Rb4 32. Qxd5 exd5 33. Bg5 Bxg5 34.
Nxg5 Rb2 35. e6 f6 36. Nf7 R2b7 37. Nd6 Re7 38. Rab1 Nb2 39. d4 a6 40. Re3 Rd8
41. Rxc3 Na4 42. Rc6 Rxe6 43. Rb4 Rexd6 44. Rxd6 Rxd6 45. Rxa4 g5 46. Kf3 f5
47. Ke3 Rxh6 48. c4 dxc4 49. Rxc4 Kf7 50. d5 Ke7 51. Kd4 f4 52. Ke5 fxg3 53.
fxg3 Kd7 54. Kf5 Rd6 55. Ke5 h6 56. Rb4 Rg6 57. Rb7+ Kc8 58. Rh7 Rb6 59. d6 Rb2
60. Ke6 Re2+ 61. Kf5 Rh2 62. Ke6 Re2+ 63. Kf5 Rh2 64. a4 a5 65. Ra7 Rg2 66. Kg4
Rd2 67. Rxa5 Rxd6 68. Rf5 Rd4+ 69. Kh5 Rxa4 70. Kxh6 g4 71. Kg5 Kd7 72. Rf4
Ra5+ 73. Kxg4 Ke6 74. Kh4 Ke7 75. g4 Ke6 76. g5 Ke7 77. Kh5 Ra6 78. g6 Ra1 79.
Kh6 Rh1+ 80. Kg7 Ke8 81. Kg8 Rg1 82. g7 Rh1 83. Re4+ Kd7 84. Kf7 Rf1+ 85. Kg6
Rg1+ 86. Kf6 Kd6 87. Rf4 Kd7 88. Kf7 1-0